Smerovanie výskumu v dizertačných prácach z didaktiky chémie a biológie Bratislava 27.-28.11.2008

Bibliographic Details
Other Authors: Prokša, Miroslav, 1954- (Editor), Gálová, Tímea (Editor)
Format: Software eBook
Language:Slovak
Czech
Polish
PhysicalDescription:1 elektronický optický disk (CD-ROM) 12 cm
Published: Bratislava Univerzita Komenského 2008
ISBN:9788022325820
Edition:[1. vyd.]
Subjects:

MARC

LEADER 00000nam a2200000 a 4500
001 vtls010074947
003 SK-MaSNL
005 20260304131533.0
007 co bg anuua
008 251104s2008 xo dl fs 100 0 slo
015 |a SNBS2010/03-01765 
020 |a 9788022325820  |q (elektronická kniha) 
040 |a SNK  |b slo  |c SNK  |e AACR2 
041 0 |a slo  |a cze  |a pol  |b cze  |b eng  |b pol  |b slo 
044 |a xo  |c SK 
072 7 |a 378  |x Vysoké školy  |2 konspekt 
072 7 |a 37  |x Výchova a vzdelávanie  |2 konspekt 
080 |a 378.245  |2 2001 
080 |a 37.02  |2 2001 
080 |a 54  |2 2001 
080 |a 57/59  |2 2001 
080 |a (062.534)  |2 2001 
080 |a (0.034.44)  |2 2001 
245 0 0 |a Smerovanie výskumu v dizertačných prácach z didaktiky chémie a biológie  |h elektronický zdroj  |b Bratislava 27.-28.11.2008  |c editori: Miroslav Prokša, Tímea Gálová 
246 1 4 |a ChemEdu 
250 |a [1. vyd.] 
260 |a Bratislava  |b Univerzita Komenského  |c 2008 
300 |a 1 elektronický optický disk (CD-ROM)  |c 12 cm 
366 |e 60 kusov 
500 |a Názov z titulnej obrazovky 
516 |a Textový dokument (zborník), 1 súbor vo formáte pdf 
538 |a Technické požiadavky: Adobe Reader 6.0 
650 0 7 |a chémia  |2 SNKPH  |9 749 
650 0 7 |a biológia  |2 SNKPH  |9 689 
650 0 7 |a didaktika  |2 SNKPH  |9 3484 
650 0 7 |a dizertácie  |2 SNKPH  |9 4040 
655 7 |a elektronické zdroje  |2 SNKPH  |9 90954 
655 7 |a CD-ROM  |2 SNKPH  |9 70236 
655 7 |a zborníky konferencií  |2 SNKPH  |9 70153 
700 1 |a Prokša, Miroslav,  |d 1954-  |4 edt  |9 375707 
700 1 |a Gálová, Tímea  |4 edt  |9 359675 
919 |a 978-80-223-2582-0 
999 |c 660913  |d 662843 
952 |a SNK  |b SNK  |y PREZ  |7 0  |p 17A0649427  |o snkSCDM 2644  |i snk2010/5027  |8 0  |0 0  |1 0  |4 0  |d 2010-03-12  |l 0  |r 2026-02-23 18:53:00  |w 2026-02-23